Marchés, Capital et Incertitude Essais en l'honneur de Maurice Allais

Salvato in:
Dettagli Bibliografici
Natura: Libro
Lingua:francese
Pubblicazione: Paris Economica 1986
Edizione:1. éd.
Soggetti:
Tags: Aggiungi Tag
Nessun Tag, puoi essere il primo ad aggiungerne!!

MARC

LEADER 00000nam a2200000 4500
001 c000514
005 20221220073515.3
020 |a 2-7178-1002-1 
041 0 |a fre 
044 |a FR 
245 1 0 |a Marchés, Capital et Incertitude  |b Essais en l'honneur de Maurice Allais 
250 |a 1. éd. 
264 1 |a Paris  |b Economica  |c 1986 
300 |a 265 s. 
610 2 0 |a ekonómia politická 
610 2 0 |a rovnováha hospodárska 
610 2 0 |a trh 
610 2 0 |a kapitál 
610 2 0 |a rozhodovanie 
610 2 0 |a preferencie 
610 2 0 |a modely rastu 
610 2 0 |a účty národné 
610 2 0 |a teória peňažná 
610 2 0 |a monetarizmus 
610 2 0 |a firmy 
610 2 0 |a konkurencia 
610 2 0 |a stratégia hospodárska 
610 2 0 |a riziko 
610 2 0 |a Allais, M.